[Event "Manizales Feria op 29th"]
[Site "Manizales"]
[Date "2024.01.08"]
[Round "6"]
[White "Castro Castro, Joaquin"]
[Black "Ramirez Arias, Jorge Alonso"]
[Result "1-0"]
[WhiteElo "1944"]
[BlackElo "1837"]
[PlyCount "59"]
[EventDate "2024.01.05"]
[EventType "swiss"]
[EventRounds "7"]
[EventCountry "COL"]
[SourceTitle "CB02_2024"]
[SourceDate "2024.01.10"]
[SourceVersion "1"]
[SourceVersionDate "2024.01.10"]
[SourceQuality "1"]

1. d4 Nf6 2. Nc3 g6 3. e4 d6 4. f4 Bg7 5. Nf3 0-0 6. e5 Nfd7 7. h4 h5 8. g4 hxg4 9. Ng5 Nb6 10. e6 f5 11. h5 gxh5 12. Rxh5 Qe8 13. Rh4 Bf6 14. d5 Kg7 15. Rh7+ Kg8 16. Rh2 c6 17. Be3 cxd5 18. Nxd5 Nxd5 19. Qxd5 Qc6 20. Qb3 Bxg5 21. fxg5 d5 22. 0-0-0 Bxe6 23. Bd4 Nd7 24. Rh6 Rfc8 25. Re1 Nf8 26. g6 Nxg6 27. Rxg6+ Kf7 28. Rgxe6 Qxe6 29. Rxe6 Kxe6 30. Qe3+ 1-0

[Event "Manizales Feria op 29th"]
[Site "Manizales"]
[Date "2024.01.07"]
[Round "4"]
[White "Lopez Londono, Alejandro"]
[Black "Ramirez Arias, Jorge Alonso"]
[Result "0-1"]
[WhiteElo "1424"]
[BlackElo "1837"]
[PlyCount "58"]
[EventDate "2024.01.05"]
[EventType "swiss"]
[EventRounds "7"]
[EventCountry "COL"]
[SourceTitle "CB02_2024"]
[SourceDate "2024.01.10"]
[SourceVersion "1"]
[SourceVersionDate "2024.01.10"]
[SourceQuality "1"]

1. e4 g6 2. d4 Bg7 3. Nc3 d6 4. Be3 Nf6 5. Qd2 c6 6. f3 b5 7. Bd3 Qc7 8. Bh6 Bxh6 9. Qxh6 b4 10. Nd1 c5 11. c3 bxc3 12. bxc3 Ba6 13. Qd2 Bxd3 14. Qxd3 Nbd7 15. Ne2 0-0 16. 0-0 Rfc8 17. Ne3 Rab8 18. Rab1 Qa5 19. Rxb8 Rxb8 20. Rb1 Rxb1+ 21. Qxb1 cxd4 22. cxd4 Nb6 23. h3 Nh5 24. Kh2 Qd2 25. Qb5 Qxe3 26. a4 Nxa4 27. Qxa4 Qxe2 28. Qxa7 Nf4 29. Kg3 g5 0-1

[Event "Manizales Departamental-ch 2nd"]
[Site "Manizales"]
[Date "2022.07.15"]
[Round "3"]
[White "Ramirez Arias, Jorge Alonso"]
[Black "Hernandez Pinzon, Helvert"]
[Result "1/2-1/2"]
[WhiteElo "1873"]
[BlackElo "1869"]
[PlyCount "59"]
[EventDate "2022.07.14"]
[EventType "swiss"]
[EventRounds "7"]
[EventCountry "COL"]
[SourceTitle "EXT 2024"]
[Source "ChessBase"]
[SourceDate "2023.10.10"]
[SourceVersion "1"]
[SourceVersionDate "2023.10.10"]
[SourceQuality "1"]

1. d4 Nf6 2. Nf3 g6 3. c4 Bg7 4. Nc3 d6 5. e4 0-0 6. Bd3 Nbd7 7. Bg5 e5 8. d5 Nc5 9. Bc2 a5 10. a3 Bg4 11. h3 Bxf3 12. Qxf3 a4 13. 0-0 h6 14. Be3 Nfd7 15. Rad1 Kh7 16. g4 Bf6 17. Nb5 Bg5 18. Bxg5 hxg5 19. Kg2 Kg7 20. Rh1 Rh8 21. Rh2 Nb6 22. Qc3 f6 23. Qb4 Qd7 24. Rdh1 Rh4 25. f3 Nc8 26. Rd1 Ne7 27. Nc3 b6 28. Qb5 Qxb5 29. Nxb5 Rc8 30. Nc3 1/2-1/2

[Event "Villamaria Nacional U2200"]
[Site "Villamaria"]
[Date "2015.12.05"]
[Round "3.1"]
[White "Lopez Idarraga, Daniel Eduardo"]
[Black "Ramirez Arias, Jorge Alonso"]
[Result "1-0"]
[WhiteElo "2078"]
[BlackElo "1919"]
[PlyCount "49"]
[EventDate "2015.12.04"]
[EventType "swiss"]
[EventRounds "7"]
[EventCountry "COL"]
[SourceTitle "EXT 2024"]
[Source "ChessBase"]
[SourceDate "2023.10.10"]
[SourceVersion "1"]
[SourceVersionDate "2023.10.10"]
[SourceQuality "1"]

1. d4 d6 2. e4 Nf6 3. Nc3 g6 4. Bg5 Bg7 5. e5 Nfd7 6. f4 dxe5 7. dxe5 c6 8. Qd2 Qa5 9. Nf3 h6 10. Bh4 g5 11. fxg5 Nxe5 12. Be2 Nxf3+ 13. Bxf3 Qb4 14. 0-0-0 Nd7 15. Bg3 hxg5 16. Rhe1 e5 17. Bxe5 Bxe5 18. Rxe5+ Kf8 19. Rxg5 Rxh2 20. a3 Qe7 21. Re1 Qf6 22. Qe3 Qd8 23. Qf4 Rh6 24. Bh5 Nf6 25. Qb4+ 1-0

[Event "Villamaria Nacional U2200"]
[Site "Villamaria"]
[Date "2015.12.04"]
[Round "1.8"]
[White "Chisco, Juan Esteban"]
[Black "Ramirez Arias, Jorge Alonso"]
[Result "0-1"]
[WhiteElo "1336"]
[BlackElo "1919"]
[PlyCount "54"]
[EventDate "2015.12.04"]
[EventType "swiss"]
[EventRounds "7"]
[EventCountry "COL"]
[SourceTitle "EXT 2024"]
[Source "ChessBase"]
[SourceDate "2023.10.10"]
[SourceVersion "1"]
[SourceVersionDate "2023.10.10"]
[SourceQuality "1"]

1. e4 c5 2. Nf3 e6 3. d4 cxd4 4. Nxd4 Nc6 5. Nc3 Qc7 6. f4 Bb4 7. Ndb5 Qb8 8. e5 a6 9. Nd6+ Kf8 10. Be2 Qa7 11. Qd3 Nge7 12. Be3 Bc5 13. Bxc5 Qxc5 14. Nce4 Qa5+ 15. Qd2 Qxd2+ 16. Kxd2 Nd5 17. Rhf1 Ke7 18. Ng5 f5 19. Ngf7 Rf8 20. Nxc8+ Raxc8 21. Nd6 Rc7 22. Bc4 Nxf4 23. Rxf4 Nxe5 24. Rd4 Rc6 25. Bb3 Rxd6 26. Rxd6 Kxd6 27. Rd1 Ke7 0-1

[Event "Eje Cafetero Region 3rd"]
[Site "Eje Cafetero"]
[Date "2009.03.22"]
[Round "3.8"]
[White "Ramirez Arias, Jorge Alonso"]
[Black "Matta, Paola Andrea"]
[Result "1-0"]
[WhiteElo "1716"]
[BlackElo "2055"]
[PlyCount "31"]
[EventDate "2009.03.21"]
[EventType "swiss"]
[EventRounds "7"]
[EventCountry "COL"]
[SourceTitle "EXT 2024"]
[Source "ChessBase"]
[SourceDate "2023.10.10"]
[SourceVersion "1"]
[SourceVersionDate "2023.10.10"]
[SourceQuality "1"]

1. d4 Nf6 2. Nf3 g6 3. g3 Bg7 4. Bg2 d5 5. 0-0 0-0 6. Nbd2 c6 7. c4 Nbd7 8. b3 Ne4 9. Nxe4 dxe4 10. Ng5 e5 11. d5 cxd5 12. Qxd5 Nb6 13. Qxd8 Rxd8 14. Nxe4 f5 15. Ng5 e4 16. g4 1-0